Smallscale manufacture of rubber goods and rubber chemicals (Record no. 22615)

MARC details
000 -LEADER
fixed length control field 00284nam a2200109Ia 4500
082 ## - DEWEY DECIMAL CLASSIFICATION NUMBER
Item number GUP
100 ## - MAIN ENTRY--AUTHOR NAME
Personal name Gupta, R S
245 #0 - TITLE STATEMENT
Title Smallscale manufacture of rubber goods and rubber chemicals
260 ## - PUBLICATION, DISTRIBUTION, ETC. (IMPRINT)
Place of publication Delhi
Name of publisher SIRI
Year of publication 1974
942 ## - ADDED ENTRY ELEMENTS (KOHA)
Koha item type Books
Holdings
Withdrawn status Lost status Damaged status Not for loan Home library Current library Date acquired Full call number Accession Number Koha item type
      Write off RRII Library RRII Library 16/12/2021 GUP 03335 Books